000 00683nmm a2200253 a 4500
003 AR-BaBNM
005 20251128211209.0
008 063020s2003 ||||||||||||||000 | spa||
020 _a950-16-3097-8
040 _cAR-BaBNM
100 1 _aMartiñá, Rolando
245 1 0 _aEscuela y familia
_buna alianza necesaria
250 _a1ª ed.
260 _aBuenos Aires
_bTroquel
_c2003
300 0 _a159 p.
500 0 _aContiene una propuesta concreta de acción el Programa Padres
504 _aBibliografía en p. 158
650 4 _aAMBIENTE EDUCACIONAL
650 4 _aFAMILIA
650 4 _aRELACION FAMILIA-ESCUELA
650 4 _aESCUELAS
942 _cBK
998 _calicia
999 _c18671
_d18671